Anagrams: Cartoon Characters Quiz Stats

Quiz not verified by Sporcle

Challenge
Share
Tweet
Embed
Score 0/12 Timer 02:00
0 Plays Today
Hint Answer % Correct
Nubby GunsBugs Bunny
55.6%
Barbeques Gasp NonstopSpongebob Squarepants
48.1%
Fingertip RefPeter Griffin
33.3%
Air BogeyYogi Bear
25.9%
Groggy ShearsShaggy Rogers
18.5%
Defend SnarlNed Flanders
14.8%
Manic TracerEric Cartman
7.4%
Spoon ShimmerHomer Simpson
7.4%
Sheath MuckAsh Ketchum
3.7%
Sniffled RottenFred Flinstone
3.7%
Sticky PommelTommy Pickles
0%
Chino WarblerCharlie Brown
0%

You're not logged in!

Compare scores with friends on all Sporcle quizzes.
Join for Free
OR
Log In

You Might Also Like...

Show Comments

Extras

Top Quizzes Today


Score Distribution

Your Account Isn't Verified!

In order to create a playlist on Sporcle, you need to verify the email address you used during registration. Go to your Sporcle Settings to finish the process.

Report this User

Report this user for behavior that violates our Community Guidelines.

Details: